00242nam a2200097Ia 4500008004100000082001500041100002000056245003500076260001800111600001500129241002s9999 xx 000 0 und d a808.81 IQB aIqbal, Muhammad 4aThe Mysterries of Selflessness aLondon:c1953 aLiterature